| 000 | 01138nam a2200265Ia 4500 | ||
|---|---|---|---|
| 003 | OSt | ||
| 005 | 20220918110927.0 | ||
| 006 | a|||||r|||| 00| 0 | ||
| 007 | ta | ||
| 008 | 220915b |||||||| |||| 00| 0 hin d | ||
| 020 |
_a8177142704 (hbk (Set)) _c6000 |
||
| 024 | _a260459 | ||
| 037 |
_b374, 11/02/2011, Swaraj Prakashan _cReference Collections |
||
| 040 |
_aARTS _cARTS _bhin |
||
| 041 |
_2hin _ahin |
||
| 082 | _aO152,6M83x, P7.1-.8(RR) | ||
| 100 | _aशुक्ल, रामचन्द्र | ||
| 245 | 0 | _aआचार्य रामचन्द्र शुक्ल ग्रन्थवली | |
| 246 | _aĀchārya rāmachandra shukla granthavalī | ||
| 260 |
_aनई दिल्ली _bप्रकाशन संस्थान भारत _c2007 |
||
| 490 | _vखंड 1 | ||
| 700 |
_a ओमप्रकाश सिंह, संपा. _910242 |
||
| 942 |
_hO152,6M83x, P7.1-.8(RR) _cREF |
||
| 999 |
_c115792 _d115792 |
||